Directory of rubber goods manufacturers in India 2003-2004 (Record no. 44121)

MARC details
000 -LEADER
fixed length control field 00294nam a2200109Ia 4500
082 ## - DEWEY DECIMAL CLASSIFICATION NUMBER
Item number RUB;1
245 #0 - TITLE STATEMENT
Title Directory of rubber goods manufacturers in India 2003-2004
250 ## - EDITION STATEMENT
Edition statement Rev Ed.6
260 ## - PUBLICATION, DISTRIBUTION, ETC. (IMPRINT)
Place of publication Kottayam
Name of publisher Rubber Board
Year of publication 2004
942 ## - ADDED ENTRY ELEMENTS (KOHA)
Koha item type Books
Holdings
Withdrawn status Lost status Damaged status Not for loan Home library Current library Date acquired Source of acquisition Cost, normal purchase price Full call number Accession Number Koha item type
        RRII Library RRII Library 16/12/2021 Gift 250.00 RUB;1 G00869 Books